| 000 | 00710nam a2200205Ii 4500 | ||
|---|---|---|---|
| 003 | JO-AjNU | ||
| 008 | 230605s9999||||xx |||||||||||||| ||und|| | ||
| 040 |
_aJO-AjNU _bara _erda _cJO-AjNU |
||
| 041 | _aara | ||
| 050 | 1 | 4 | _aHD6483.H4612.1987 |
| 100 | 3 |
_aديننج،اللورد؛ترجمة:هنري رياض/عبد العزيز صفوت, _eauthor _914687 |
|
| 245 | 0 | 0 | _aنقابات العمال بين القانون والسياسة=Trade Unions |
| 250 | _aط1 | ||
| 264 | 3 | 1 | _aبيروت:دار الجيل ،1987 |
| 300 | _a128ص | ||
| 336 |
_atext _btxt _2rdacontent |
||
| 337 |
_aunmediated _bn _2rdamedia |
||
| 338 |
_avolume _bnc _2rdacarrier |
||
| 650 | 4 |
_aالنقابات العمالية _914688 |
|
| 999 |
_aA3975 _c7543 _d7543 |
||